Malaysian State Capitals - Statistics

General Stats
  • This quiz has been taken 351 times
  • The average score is 11 of 13
Answer Stats
Hint Answer % Correct
Johor Johor Bahru
93%
Perak Ipoh
91%
Pulau Pinang Georgetown
90%
Sarawak Kuching
89%
Sabah Kota Kinabalu
88%
Melaka Melaka
87%
Terengganu Kuala Terengganu
83%
Pahang Kuantan
83%
Kedah Alor Setar
82%
Selangor Shah Alam
82%
Negeri Sembilan Seremban
81%
Perils Kangar
72%
Kelantan Kota Bharu
72%
No matching quizzes found
Score Distribution
Percent of People with Each Score
Percentile by Number Answered
Your Score History
You have not taken this quiz